000 00714nam a2200229Ia 4500
003 OSt
005 20220927105759.0
006 a|||||r|||| 00| 0
007 ta
008 220926b |||||||| |||| 00| 0 eng d
024 _a197459
037 _cReference Collections
040 _aRTL
_cRTL
_beng
041 _2eng
_aeng
082 _a"X.2792s, Q0/GD"
100 _a"AGARTALA, ECONOMIC AND STATISTICS PLANNING (D/o-)"
_9375033
245 0 _a5th Economic census report of Tripura
260 _a"Tripura,"
_b"Govt. Press, "
_c2010
300 _a194p
_ccm.
942 _h"X.2792s, Q0/GD"
_cCC
999 _c694661
_d694661